000 00467nam a22001577u 4500
008 130405s1965 xxu||||| |||| 00| 0 spa d
041 _aspa
100 1 _aElices de Francisco, M.
_943279
245 0 0 _aRequien a muchas voces
_cM. Elices De Francisco, A. Nafria Esteban
260 _aMadrid:
_bStudium,
_c1965
300 _a164 p.
_c;16 CM.
650 0 4 _aPastoral
_xAdolescentes, jóvenes
_914613
700 1 _aNafria Esteban, A.
_943280
942 _cBK
001 64970
999 _c284325
_d284325